| 000 | 00376nam a2200145Ia 4500 | ||
|---|---|---|---|
| 008 | 240624s9999 xx 000 0 und d | ||
| 041 | _aeng | ||
| 082 | _a340 KUM | ||
| 100 | _aKUMAR NARENDER | ||
| 245 | _aGUIDE FOR HIGHER JUDICIAL SERVICE EXAMIN | ||
| 250 | _a(3rd ed.) | ||
| 260 |
_c2013 _aNew Delhi _bUniversal Law Publishing Co. |
||
| 300 | _a601 : p. | ||
| 365 |
_cRS _b15 |
||
| 999 |
_c23940 _d23940 |
||